000 00559nam a22001817a 4500
005 20231110094800.0
008 231110b |||||||| |||| 00| 0 eng d
020 _a07021156811 ; 070211572 X
041 _aEnglish
082 _a346.1HAH
100 _aHahlo, HR
_lEnglish
245 _aThe South African Law of Husband and Wife /
_cHR Hahlo
250 _aFifth Edition
260 _aCape Town :
_bJuta and Company Ltd,
_c1985
300 _blxx, 526 pages ;
_c25,5 cm.
650 _aLegal practice
_bLaw
942 _cBK
_6ALISON_BN_VRIES
999 _c521
_d521